[Event "Bayern-ch Seniors op 27th"]
[Site "Bergen"]
[Date "2015.06.15"]
[Round "6"]
[White "Baumgartner, Andreas"]
[Black "Isopp, Manfred"]
[Result "1/2-1/2"]
[WhiteElo "1677"]
[BlackElo "1957"]
[PlyCount "115"]
[EventDate "2015.06.15"]
[EventType "swiss"]
[EventRounds "9"]
[EventCountry "GER"]
[SourceTitle "EXT 2019"]
[Source "ChessBase"]
[SourceDate "2018.10.10"]
[SourceVersion "1"]
[SourceVersionDate "2018.10.10"]
[SourceQuality "1"]

1. d4 Nf6 2. c4 c5 3. e3 g6 4. Nf3 Bg7 5. Nc3 0-0 6. Be2 d6 7. 0-0 Bg4 8. h3 Bxf3 9. Bxf3 Nc6 10. a3 a6 11. dxc5 dxc5 12. Bxc6 bxc6 13. Qxd8 Rfxd8 14. Na4 Ne4 15. f3 Nd6 16. Nxc5 Nxc4 17. Rb1 a5 18. Na4 Rab8 19. b3 Nd2 20. Bxd2 Rxd2 21. Rfc1 Rd3 22. Rxc6 Rxe3 23. Nc5 h5 24. Kf1 a4 25. Nxa4 Rexb3 26. Rxb3 Rxb3 27. Rc2 Rxa3 28. Nc5 Bd4 29. Ne4 Kg7 30. Ke2 h4 31. Rd2 e5 32. Rc2 Ra7 33. Kd3 f5 34. Nc5 Kf6 35. Nb3 Rd7 36. Nxd4 Rxd4+ 37. Ke3 Rd6 38. Ra2 Rb6 39. Rc2 Kg5 40. Kf2 Kf4 41. Ra2 Rd6 42. Rc2 e4 43. fxe4 fxe4 44. Rc4 Rd2+ 45. Kf1 g5 46. Ra4 Ke3 47. Kg1 Rd1+ 48. Kh2 Rd4 49. Ra5 Kf4 50. Kg1 e3 51. Kf1 Rd1+ 52. Ke2 Rd2+ 53. Kf1 e2+ 54. Ke1 Rb2 55. Ra4+ Ke3 56. Ra3+ Kd4 57. Ra4+ Ke3 58. Ra3+ 1/2-1/2

[Event "Bayern-ch Seniors op 27th"]
[Site "Bergen"]
[Date "2015.06.15"]
[Round "7"]
[White "Isopp, Manfred"]
[Black "Willin, Bernhard"]
[Result "0-1"]
[WhiteElo "1957"]
[BlackElo "1691"]
[PlyCount "80"]
[EventDate "2015.06.15"]
[EventType "swiss"]
[EventRounds "9"]
[EventCountry "GER"]
[SourceTitle "EXT 2019"]
[Source "ChessBase"]
[SourceDate "2018.10.10"]
[SourceVersion "1"]
[SourceVersionDate "2018.10.10"]
[SourceQuality "1"]

1. e4 c6 2. d4 d5 3. e5 g6 4. Nf3 Bg4 5. Bd3 e6 6. h3 Bxf3 7. Qxf3 Be7 8. 0-0 Nd7 9. Re1 Kf8 10. Nc3 Kg7 11. Ne2 Nf8 12. Ng3 h5 13. c3 Rc8 14. b4 Nh6 15. Bd2 Qd7 16. Rab1 Nf5 17. Nxf5+ exf5 18. g3 Qe6 19. b5 c5 20. c4 Rd8 21. Rbc1 b6 22. Be3 h4 23. g4 fxg4 24. hxg4 Nh7 25. cxd5 Qxd5 26. Qxd5 Rxd5 27. Be4 Rdd8 28. dxc5 bxc5 29. Bxc5 Bxc5 30. Rxc5 Ng5 31. Kg2 Rd4 32. Bc6 Rxg4+ 33. Kh1 Rd8 34. Rg1 Rxg1+ 35. Kxg1 Rd2 36. Rc4 Nh3+ 37. Kg2 Nxf2 38. Kh2 Rxa2 39. Rxh4 Ng4+ 40. Kg3 Nxe5 0-1

[Event "EU-chT Seniors 11th"]
[Site "Velden"]
[Date "2009.04.05"]
[Round "1"]
[White "Isopp, Manfred"]
[Black "Buxade Roca, Guillermo"]
[Result "0-1"]
[WhiteElo "1971"]
[BlackElo "2239"]
[PlyCount "88"]
[EventDate "2009.04.05"]
[EventType "team-swiss"]
[EventRounds "9"]
[EventCountry "AUT"]
[SourceTitle "CBM 129 Extra"]
[Source "ChessBase"]
[SourceDate "2009.05.05"]
[SourceVersion "2"]
[SourceVersionDate "2009.05.20"]
[SourceQuality "1"]

1. Nf3 c5 2. g3 Nc6 3. Bg2 g6 4. 0-0 Bg7 5. d3 d6 6. e4 f5 7. Nc3 Nf6 8. Re1 0-0 9. Rb1 fxe4 10. dxe4 Kh8 11. h3 Be6 12. e5 dxe5 13. Qxd8 Raxd8 14. Nxe5 Nd4 15. Nd3 b6 16. Bf4 Nh5 17. Bg5 Nxc2 18. Rxe6 Rxd3 19. Be4 Nd4 20. Rxe7 Nf3+ 21. Bxf3 Rdxf3 22. Ne4 Bd4 23. Bh6 Ng7 24. Rd1 R3f7 25. Rxf7 Rxf7 26. Be3 Ne6 27. Bxd4+ Nxd4 28. Kg2 Re7 29. f3 Kg7 30. g4 h6 31. h4 Rf7 32. Rd3 a5 33. b3 Rd7 34. Kf2 Kf7 35. g5 hxg5 36. hxg5 Ke6 37. Nf6 Rd6 38. Ne4 Rd5 39. Re3 Kf5 40. Kg3 Ne6 41. Nc3 Rd2 42. f4 Nxf4 43. Rf3 Rg2+ 44. Kh4 Rg4# 0-1

[Event "Latschach op 22nd"]
[Site "Latschach"]
[Date "2006.08.15"]
[Round "5"]
[White "Zivanovic, Vladimir"]
[Black "Isopp, Manfred"]
[Result "1/2-1/2"]
[WhiteElo "2086"]
[BlackElo "2026"]
[PlyCount "68"]
[EventDate "2006.08.12"]
[EventType "swiss"]
[EventRounds "9"]
[EventCountry "AUT"]
[SourceTitle "CBM 113 Extra"]
[Source "ChessBase"]
[SourceDate "2006.09.14"]
[SourceVersion "1"]
[SourceVersionDate "2006.09.14"]
[SourceQuality "1"]

1. d4 Nf6 2. Nf3 g6 3. Bg5 Bg7 4. Nbd2 h6 5. Bh4 g5 6. Bg3 Nh5 7. c3 d6 8. e4 Nxg3 9. fxg3 Nc6 10. Bd3 e5 11. d5 Ne7 12. Bb5+ Bd7 13. Bxd7+ Qxd7 14. Qb3 0-0 15. 0-0 c6 16. dxc6 bxc6 17. Nc4 Qc7 18. Rfe1 Rab8 19. Qa3 Rbd8 20. Rad1 Nc8 21. g4 Rfe8 22. Ne3 Ne7 23. c4 Rd7 24. Rd2 Red8 25. Red1 Bf8 26. Qc3 Bg7 27. h4 f6 28. h5 Bf8 29. Nh2 Qb7 30. b4 Kh8 31. b5 cxb5 32. cxb5 Qxe4 33. Nd5 Nxd5 34. Rxd5 Qa4 1/2-1/2

[Event "Schwarzach op-B 19th"]
[Site "Salzburg"]
[Date "2004.08.27"]
[Round "7"]
[White "Isopp, Manfred"]
[Black "Bigott, Martin"]
[Result "1/2-1/2"]
[WhiteElo "1836"]
[BlackElo "1936"]
[PlyCount "27"]
[EventDate "2004.08.21"]
[EventType "swiss"]
[EventRounds "9"]
[EventCountry "AUT"]
[SourceTitle "CBM 102 Extra"]
[Source "ChessBase"]
[SourceDate "2004.11.03"]
[SourceVersion "1"]
[SourceVersionDate "2004.11.03"]
[SourceQuality "1"]

1. Nf3 d6 2. g3 e5 3. d3 f5 4. Bg2 Nf6 5. 0-0 Be7 6. Nbd2 c6 7. b3 Be6 8. Bb2 h6 9. e4 fxe4 10. dxe4 g5 11. c4 c5 12. b4 b6 13. b5 Nbd7 14. a4 1/2-1/2

[Event "Schwarzach op-B 19th"]
[Site "Salzburg"]
[Date "2004.08.24"]
[Round "4"]
[White "Koetz, Andreas"]
[Black "Isopp, Manfred"]
[Result "1/2-1/2"]
[WhiteElo "1959"]
[BlackElo "1836"]
[PlyCount "44"]
[EventDate "2004.08.21"]
[EventType "swiss"]
[EventRounds "9"]
[EventCountry "AUT"]
[SourceTitle "CBM 102 Extra"]
[Source "ChessBase"]
[SourceDate "2004.11.03"]
[SourceVersion "1"]
[SourceVersionDate "2004.11.03"]
[SourceQuality "1"]

1. d4 Nf6 2. c4 c5 3. Nf3 cxd4 4. Nxd4 g6 5. g3 Bg7 6. Bg2 0-0 7. 0-0 Nc6 8. Nc3 a6 9. Nxc6 dxc6 10. Bf4 Nh5 11. Be3 Qxd1 12. Rfxd1 Be6 13. Bb6 a5 14. c5 a4 15. Rac1 Nf6 16. Bc7 Rfc8 17. Bf4 Ra5 18. h3 Rxc5 19. Nxa4 Rxc1 20. Bxc1 Bxa2 21. Nc5 b6 22. Na4 Nd5 1/2-1/2